| 000 | 00882nam a22001935i 4500 | ||
|---|---|---|---|
| 001 | 164308 | ||
| 003 | ES-MaACL | ||
| 005 | 20230906212919.0 | ||
| 008 | 050921m18271829fr a | |||||||| ||fre d | ||
| 040 |
_aCAM _bspa _cCAM |
||
| 100 | 1 |
_aSaint-Elme, Ida ( _d1778-1845) _9132283 |
|
| 245 | 1 | 0 | _aMémoires d'une contemporaine ou souvenirs d'une femme sur les principaux personnages de la République, du Consulat, de l'Empire, etc. |
| 260 |
_aParis : _bLadvocat, _c1827-1829 ( _fImprimerie de Gaultier-Laguionie) |
||
| 300 |
_a8 v. : _bretr. autora ; _c20 cm. |
||
| 594 | _aSaint-Elme, Ida (pseud. de Elzélina Van Aylde Jonghe, conocida como "la Contemporaine") | ||
| 595 | _aT. I-5, 4e éd., 1829; t. VI, 2e éd., 1827; t. VII, 2e éd., 1828; t.VIII, 1828. | ||
| 651 | 4 |
_aFrancia- _xHistoria- _y1789-1815- _vRelatos personales. _9154666 |
|
| 852 |
_aES-MaACL _jG-9403-10 _z-- Enc. hol. |
||
| 999 |
_c164308 _d164308 |
||